Nhà văn hiện thực đời sống và cá tính sáng tạo Tiểu luận - Phê bình

Giới thiệu các bài phê bình lí luận tác giả, tác phẩm văn học tiêu biểu như Ma Văn Kháng với "Đồng bạc trắng xoè", "Vùng biên ải"..., Phan Tứ với những tiểu thuyết viết về chiến tranh, Nam Hà với vấn đề hiện thực và nhân vật trong "Đất miền đông".....

全面介紹

Đã lưu trong:
書目詳細資料
主要作者: Trần Đăng Suyền
格式: 圖書
語言:Vietnamese
出版: H. Nxb Văn học 2003
版:In lần 2, có bổ sung
主題:
標簽: 添加標簽
沒有標簽, 成為第一個標記此記錄!
Thư viện lưu trữ: Mạng thư viện Đại học Đà Nẵng
LEADER 01194nam a2200325 4500
001 000004111
003 241
005 20121211001250.0
008 110715s2003 viesd
020 |c 33000đ 
041 0 |a vie 
082 |a TRA 
100 0 |a Trần Đăng Suyền 
245 0 |a Nhà văn hiện thực đời sống và cá tính sáng tạo  |b Tiểu luận - Phê bình  |c Trần Đăng Suyền 
250 |a In lần 2, có bổ sung 
260 |a H.  |b Nxb Văn học  |c 2003 
300 |a 336tr  |c 20cm 
520 |a Giới thiệu các bài phê bình lí luận tác giả, tác phẩm văn học tiêu biểu như Ma Văn Kháng với "Đồng bạc trắng xoè", "Vùng biên ải"..., Phan Tứ với những tiểu thuyết viết về chiến tranh, Nam Hà với vấn đề hiện thực và nhân vật trong "Đất miền đông".. 
653 |a Văn học Việt Nam 
653 |a Lịch sử 
653 |a Phê bình 
910 |d 15/07/2011 
OWN |a LSP 
999 |a From the UDN01 
TYP |a Monograph 
TYP |a Printed language 
980 |a Mạng thư viện Đại học Đà Nẵng